| 000 | 00542nam a2200133Ia 4500 | ||
|---|---|---|---|
| 008 | 170221s9999 xx 000 0 und d | ||
| 100 | _aNatalya A. Kargapoltseva | ||
| 245 | _aManagement Security of Personality: The Pedagogical Aspect | ||
| 245 | _cNatalya A. Kargapoltseva, Anna G. Samokhvalova, Sergey M. Kargapoltsev, Sergey A. Dneprov, Vladimir V. Kuznetsov | ||
| 260 | _bInternational Review of Management and Marketing | ||
| 260 | _c2014 | ||
| 650 | _xMarketing. | ||
| 856 | _uhttp://www.econjournals.com/index.php/irmm/issue/view/72 | ||
| 999 |
_c314054 _d314054 |
||